LEADER 01394oam 2200433I 450 001 9910706863603321 005 20190917143837.0 035 $a(CKB)5470000002458830 035 $a(OCoLC)227959822 035 $a(EXLCZ)995470000002458830 100 $a20080513j200104 ua 0 101 0 $aeng 135 $aur||||||||||| 181 $ctxt$2rdacontent 182 $cc$2rdamedia 183 $acr$2rdacarrier 200 10$aImproved dispersion of a fin-stabilized projectile using a passive moveable nose /$fMark Costello and Raditya Agarwalla 210 1$aAberdeen Proving Ground, MD :$cUS Army Research Laboratory,$dApril 2001. 215 $a1 online resource (43 unnumbered pages) $cillustrations 300 $a"April 2001." 300 $a"ARL-CR-464." 320 $aIncludes bibliographical references (page 30). 606 $aDispersion 606 $aProjectiles 606 $aTolerance (Engineering) 615 0$aDispersion. 615 0$aProjectiles. 615 0$aTolerance (Engineering) 700 $aCostello$b Mark$01387320 702 $aAgarwalla$b Raditya 712 02$aU.S. Army Research Laboratory, 801 0$bDTICE 801 1$bDTICE 801 2$bOCLCQ 801 2$bGPO 906 $aBOOK 912 $a9910706863603321 996 $aImproved dispersion of a fin-stabilized projectile using a passive moveable nose$93496087 997 $aUNINA